Women's tennis - Most weeks at No1 - Statistics

General Stats
  • This quiz has been taken 893 times
    311 since last reset
  • The average score is 8 of 10
Answer Stats
Weeks Player % Correct
319 Serena Williams
99%
377 Steffi Graf
93%
332 Martina Navratilova
90%
260 Chris Evert
81%
178 Monica Seles
78%
209 Martina Hingis
75%
117 Justine Henin
70%
98 Lindsay Davenport
64%
64 Simona Halep
55%
71 Caroline Wozniacki
48%
No matching quizzes found
Score Distribution
Percent of People with Each Score
Percentile by Number Answered
Your Score History
You have not taken this quiz since the last reset